[Event "Dubna IM"]
[Site "Dubna"]
[Date "2007.08.11"]
[Round "16"]
[White "Liasota, Evgueni"]
[Black "Rysbayeva, Nazerke"]
[Result "1-0"]
[WhiteElo "2241"]
[BlackElo "2054"]
[PlyCount "61"]
[EventDate "2007.08.02"]
[EventType "tourn"]
[EventRounds "17"]
[EventCountry "RUS"]
[SourceTitle "CBM 119 Extra"]
[Source "ChessBase"]
[SourceDate "2007.09.04"]
[SourceVersion "1"]
[SourceVersionDate "2007.09.04"]
[SourceQuality "1"]

1. e4 c6 2. d4 d5 3. e5 Bf5 4. h4 h5 5. c4 dxc4 6. Bxc4 e6 7. Bg5 Be7 8. Qd2 Nd7 9. Ne2 Nb6 10. Bb3 Qd7 11. Nbc3 0-0-0 12. a4 Bxg5 13. Qxg5 Ne7 14. 0-0 Nbd5 15. Ng3 f6 16. Qc1 Kb8 17. Nce4 Bxe4 18. Nxe4 Nf5 19. Rd1 Qc7 20. exf6 gxf6 21. Bxd5 exd5 22. Nxf6 Nxh4 23. Qg5 Nxg2 24. Kxg2 Rdf8 25. Qe5 Kc8 26. Nxd5 Qxe5 27. dxe5 cxd5 28. Rxd5 Rhg8+ 29. Kf1 Rg5 30. Rc1+ Kb8 31. Rcd1 1-0

[Event "Dubna IM"]
[Site "Dubna"]
[Date "2007.08.10"]
[Round "14"]
[White "Liasota, Evgueni"]
[Black "Nozdrachev, Vladislav"]
[Result "1/2-1/2"]
[WhiteElo "2241"]
[BlackElo "2255"]
[PlyCount "66"]
[EventDate "2007.08.02"]
[EventType "tourn"]
[EventRounds "17"]
[EventCountry "RUS"]
[SourceTitle "CBM 119 Extra"]
[Source "ChessBase"]
[SourceDate "2007.09.04"]
[SourceVersion "1"]
[SourceVersionDate "2007.09.04"]
[SourceQuality "1"]

1. e4 e5 2. Nf3 Nc6 3. Bb5 a6 4. Ba4 Nf6 5. 0-0 Be7 6. Re1 b5 7. Bb3 0-0 8. c3 d6 9. h3 Na5 10. Bc2 c5 11. d4 Qc7 12. Bg5 Bd7 13. Nbd2 cxd4 14. cxd4 Rac8 15. Rc1 Qb8 16. Qe2 Nc6 17. Be3 Rc7 18. Bb1 Rfc8 19. Nb3 Qa8 20. d5 Nd8 21. Rxc7 Rxc7 22. Rc1 Rxc1+ 23. Nxc1 Nb7 24. b4 a5 25. a3 axb4 26. axb4 Qa3 27. Bd2 Bd8 28. Qd3 Qa6 29. Qb3 Bb6 30. Qa2 Qxa2 31. Nxa2 Ne8 32. Bd3 Nc7 33. Nc3 Kf8 1/2-1/2

[Event "Dubna IM"]
[Site "Dubna"]
[Date "2007.08.04"]
[Round "4"]
[White "Liasota, Evgueni"]
[Black "Neverov, Ivan"]
[Result "1-0"]
[WhiteElo "2241"]
[BlackElo "2146"]
[PlyCount "55"]
[EventDate "2007.08.02"]
[EventType "tourn"]
[EventRounds "17"]
[EventCountry "RUS"]
[SourceTitle "CBM 119 Extra"]
[Source "ChessBase"]
[SourceDate "2007.09.04"]
[SourceVersion "1"]
[SourceVersionDate "2007.09.04"]
[SourceQuality "1"]

1. e4 c5 2. c3 Nf6 3. e5 Nd5 4. d4 cxd4 5. Nf3 e6 6. cxd4 d6 7. Bc4 Nb6 8. Bd3 Nc6 9. a3 dxe5 10. dxe5 Qc7 11. Bf4 Nd5 12. Bg3 Bd7 13. 0-0 Be7 14. Qe2 h5 15. h4 Bc5 16. Nbd2 Rd8 17. Ne4 Qb6 18. b4 Be7 19. Bc4 Rh6 20. Rad1 Ndxb4 21. axb4 Nxb4 22. Bf4 Rg6 23. Nd6+ Bxd6 24. Rxd6 Bc6 25. Rfd1 Nd5 26. Bxd5 Rxd6 27. exd6 Bxd5 28. Rxd5 1-0

[Event "Dubna IM"]
[Site "Dubna"]
[Date "2007.08.04"]
[Round "5"]
[White "Truskavetsky, Alexandr"]
[Black "Liasota, Evgueni"]
[Result "1-0"]
[WhiteElo "2392"]
[BlackElo "2241"]
[PlyCount "65"]
[EventDate "2007.08.02"]
[EventType "tourn"]
[EventRounds "17"]
[EventCountry "RUS"]
[SourceTitle "CBM 119 Extra"]
[Source "ChessBase"]
[SourceDate "2007.09.04"]
[SourceVersion "1"]
[SourceVersionDate "2007.09.04"]
[SourceQuality "1"]

1. d4 e6 2. c4 c5 3. d5 exd5 4. cxd5 d6 5. Nc3 g6 6. Bf4 a6 7. a4 Nf6 8. Nf3 Bg7 9. e4 Bg4 10. Be2 Bxf3 11. Bxf3 0-0 12. 0-0 Qe7 13. Qb3 Ne8 14. Rfe1 Qc7 15. e5 dxe5 16. d6 Nxd6 17. Rxe5 Nc6 18. Rxc5 Nd4 19. Qd5 Qb6 20. Qxd6 Qxb2 21. Rb1 Rfe8 22. h4 Nxf3+ 23. gxf3 Qa3 24. Rc7 Qxd6 25. Bxd6 Rad8 26. Bg3 Rd3 27. Ne4 Rxf3 28. Ng5 Rf5 29. Rbxb7 Rf8 30. Bd6 Be5 31. Bxf8 Bxc7 32. Bh6 Rc5 33. Ra7 1-0

[Event "Dimitrov IM-A"]
[Site "Dimitrov"]
[Date "2007.07.31"]
[Round "18"]
[White "Liasota, Evgueni"]
[Black "Fokin, Stanislav"]
[Result "1-0"]
[WhiteElo "2241"]
[BlackElo "2114"]
[PlyCount "57"]
[EventDate "2007.07.07"]
[EventType "tourn"]
[EventRounds "19"]
[EventCountry "RUS"]
[EventCategory "1"]
[SourceTitle "CBM 119 Extra"]
[Source "ChessBase"]
[SourceDate "2007.09.04"]
[SourceVersion "1"]
[SourceVersionDate "2007.09.04"]
[SourceQuality "1"]

1. e4 c5 2. c3 d5 3. exd5 Qxd5 4. d4 Nf6 5. dxc5 Qxc5 6. Na3 a6 7. Nc4 Nbd7 8. a4 e5 9. b3 Qc7 10. Nf3 Be7 11. Be2 0-0 12. 0-0 b6 13. Bb2 Bb7 14. Ne3 Rfe8 15. Bc4 e4 16. Nd4 Bd6 17. h3 Ne5 18. Qe2 Nxc4 19. Qxc4 Bh2+ 20. Kh1 Qxc4 21. Nxc4 Bc7 22. Rfe1 Nd5 23. Nf5 Rad8 24. Rad1 g6 25. Nd4 Nf4 26. Ne3 Nd3 27. Re2 f5 28. Kg1 Rd7 29. Rxd3 1-0

[Event "Dimitrov IM-A"]
[Site "Dimitrov"]
[Date "2007.07.31"]
[Round "19"]
[White "Puchkov, Andrey"]
[Black "Liasota, Evgueni"]
[Result "1/2-1/2"]
[WhiteElo "2252"]
[BlackElo "2241"]
[PlyCount "36"]
[EventDate "2007.07.07"]
[EventType "tourn"]
[EventRounds "19"]
[EventCountry "RUS"]
[EventCategory "1"]
[SourceTitle "CBM 119 Extra"]
[Source "ChessBase"]
[SourceDate "2007.09.04"]
[SourceVersion "1"]
[SourceVersionDate "2007.09.04"]
[SourceQuality "1"]

1. d4 Nf6 2. c4 e6 3. Nc3 d5 4. Bg5 Be7 5. Nf3 0-0 6. e3 b6 7. Rc1 Bb7 8. cxd5 exd5 9. Bd3 c5 10. 0-0 Nc6 11. dxc5 bxc5 12. Bb1 d4 13. exd4 cxd4 14. Ne2 Ba6 15. Bd3 Bxd3 16. Qxd3 Nb4 17. Qxd4 Qxd4 18. Nexd4 Nxa2 1/2-1/2

[Event "Dimitrov IM-A"]
[Site "Dimitrov"]
[Date "2007.07.26"]
[Round "8"]
[White "Liasota, Evgueni"]
[Black "Vasilkova, Svetlana"]
[Result "1/2-1/2"]
[WhiteElo "2241"]
[BlackElo "2331"]
[PlyCount "92"]
[EventDate "2007.07.07"]
[EventType "tourn"]
[EventRounds "19"]
[EventCountry "RUS"]
[EventCategory "1"]
[SourceTitle "CBM 119 Extra"]
[Source "ChessBase"]
[SourceDate "2007.09.04"]
[SourceVersion "1"]
[SourceVersionDate "2007.09.04"]
[SourceQuality "1"]

1. e4 c5 2. c3 d6 3. d4 Nf6 4. Bd3 e5 5. Ne2 Be7 6. 0-0 0-0 7. f4 cxd4 8. cxd4 Nc6 9. fxe5 dxe5 10. d5 Bc5+ 11. Kh1 Ng4 12. Ng1 Nb4 13. Nh3 Ne3 14. Bxe3 Bxe3 15. Qe2 Bd4 16. Nf2 Qb6 17. Bc4 Bd7 18. Na3 Rac8 19. Rad1 a6 20. Bb3 Qg6 21. h3 b5 22. Kh2 Qb6 23. Nd3 Nxd3 24. Rxd3 a5 25. Rg3 a4 26. Bd1 b4 27. Nc2 Bxb2 28. Ne3 Bc1 29. Nf5 Bxf5 30. Rxf5 Bf4 31. Bxa4 Rc1 32. Bd1 Rfc8 33. Rxf4 exf4 34. Rd3 R1c3 35. d6 Qc5 36. Rd5 Qe3 37. d7 Rd8 38. Qxe3 fxe3 39. Re5 Kf8 40. Ba4 Rxd7 41. Bxd7 f6 42. Re8+ Kf7 43. Kg3 Rc7 44. Bb5 Rb7 45. Bc6 Rc7 46. Bb5 Rb7 1/2-1/2

[Event "Dimitrov IM-A"]
[Site "Dimitrov"]
[Date "2007.07.26"]
[Round "9"]
[White "Yaksin, Oleg"]
[Black "Liasota, Evgueni"]
[Result "1/2-1/2"]
[WhiteElo "2231"]
[BlackElo "2241"]
[PlyCount "121"]
[EventDate "2007.07.07"]
[EventType "tourn"]
[EventRounds "19"]
[EventCountry "RUS"]
[EventCategory "1"]
[SourceTitle "CBM 119 Extra"]
[Source "ChessBase"]
[SourceDate "2007.09.04"]
[SourceVersion "1"]
[SourceVersionDate "2007.09.04"]
[SourceQuality "1"]

1. d4 c5 2. dxc5 e6 3. Nf3 Bxc5 4. g3 Nf6 5. Bg2 Qb6 6. 0-0 d5 7. c4 dxc4 8. Nc3 Nc6 9. Na4 Qb5 10. Nxc5 Qxc5 11. Be3 Qa5 12. Nd2 0-0 13. Nxc4 Qh5 14. Bxc6 bxc6 15. f3 Ba6 16. Rc1 Nd5 17. Bf2 e5 18. Qc2 e4 19. Qxe4 Rfe8 20. Qc2 Re6 21. e4 Nb6 22. Bxb6 axb6 23. Nxb6 Rb8 24. Nd7 Rd8 25. Rfd1 Qxf3 26. Nc5 Red6 27. Rxd6 Qe3+ 28. Kg2 Rxd6 29. Nb3 Bd3 30. Qf2 Bxe4+ 31. Kg1 Qg5 32. Re1 f5 33. Nc5 Rd2 34. Nxe4 fxe4 35. Qb6 Qf6 36. Qb8+ Rd8 37. Qf4 Qd4+ 38. Qe3 Kf7 39. Qxd4 Rxd4 40. Kf2 Ke6 41. Ke3 Kd5 42. Rc1 c5 43. b3 g5 44. Ke2 h5 45. Rf1 Ke5 46. Rf8 c4 47. Rc8 cxb3 48. axb3 Rb4 49. Re8+ Kf5 50. h3 Rxb3 51. Rf8+ Kg6 52. Kf2 Rb2+ 53. Ke3 Rg2 54. g4 hxg4 55. hxg4 Rxg4 56. Rg8+ Kf7 57. Ra8 Rf4 58. Ra6 Rf1 59. Kxe4 g4 60. Ke3 g3 61. Ra2 1/2-1/2

[Event "Dimitrov IM-A"]
[Site "Dimitrov"]
[Date "2007.07.23"]
[Round "2"]
[White "Chernobay, Artem"]
[Black "Liasota, Evgueni"]
[Result "0-1"]
[WhiteElo "2409"]
[BlackElo "2241"]
[PlyCount "56"]
[EventDate "2007.07.07"]
[EventType "tourn"]
[EventRounds "19"]
[EventCountry "RUS"]
[EventCategory "1"]
[SourceTitle "CBM 119 Extra"]
[Source "ChessBase"]
[SourceDate "2007.09.04"]
[SourceVersion "1"]
[SourceVersionDate "2007.09.04"]
[SourceQuality "1"]

1. e4 e6 2. d4 d5 3. Nc3 Bb4 4. Nge2 dxe4 5. a3 Bxc3+ 6. Nxc3 f5 7. Bf4 Nf6 8. Qd2 0-0 9. 0-0-0 c6 10. f3 exf3 11. gxf3 b5 12. Rg1 Rf7 13. h4 a5 14. Qh2 Ba6 15. Bd6 Ne8 16. Bc5 Nd7 17. Ne2 Qf6 18. Nf4 Nxc5 19. dxc5 e5 20. Nh5 Qe7 21. Re1 e4 22. fxe4 fxe4 23. Bd3 Qxc5 24. Rg5 Qd6 25. Qg2 exd3 26. Rxe8+ Rxe8 27. Rxg7+ Kh8 28. Rxf7 Re1+ 0-1

[Event "Dimitrov IM-A"]
[Site "Dimitrov"]
[Date "2007.07.23"]
[Round "3"]
[White "Liasota, Evgueni"]
[Black "Bezgodova, Svetlana"]
[Result "0-1"]
[WhiteElo "2241"]
[BlackElo "2266"]
[PlyCount "70"]
[EventDate "2007.07.07"]
[EventType "tourn"]
[EventRounds "19"]
[EventCountry "RUS"]
[EventCategory "1"]
[SourceTitle "CBM 119 Extra"]
[Source "ChessBase"]
[SourceDate "2007.09.04"]
[SourceVersion "1"]
[SourceVersionDate "2007.09.04"]
[SourceQuality "1"]

1. e4 e5 2. Nf3 Nc6 3. Bc4 Bc5 4. c3 Nf6 5. d3 d6 6. Bb3 a6 7. Nbd2 Ba7 8. Nc4 h6 9. 0-0 Be6 10. Ne3 Qd7 11. Bc2 d5 12. exd5 Nxd5 13. Nxd5 Bxd5 14. d4 exd4 15. cxd4 0-0-0 16. Ne5 Nxe5 17. dxe5 Qe6 18. Qh5 g6 19. Qh3 Qxh3 20. gxh3 Bd4 21. Re1 Rhe8 22. a4 Rxe5 23. Bxh6 Bxb2 24. Rxe5 Bxe5 25. Re1 Re8 26. Re3 Bc6 27. Bb3 Bd4 28. Rxe8+ Bxe8 29. Kg2 c5 30. Be3 Bxe3 31. fxe3 b5 32. axb5 axb5 33. Bd5 Kc7 34. Kg3 Kd6 35. Ba2 Ke5 0-1

[Event "Dimitrov IM-A"]
[Site "Dimitrov"]
[Date "2007.07.22"]
[Round "1"]
[White "Liasota, Evgueni"]
[Black "Shalimov, Valery"]
[Result "1-0"]
[WhiteElo "2241"]
[BlackElo "2435"]
[PlyCount "104"]
[EventDate "2007.07.07"]
[EventType "tourn"]
[EventRounds "19"]
[EventCountry "RUS"]
[EventCategory "1"]
[SourceTitle "CBM 119 Extra"]
[Source "ChessBase"]
[SourceDate "2007.09.04"]
[SourceVersion "1"]
[SourceVersionDate "2007.09.04"]
[SourceQuality "1"]

1. e4 c5 2. c3 d5 3. exd5 Qxd5 4. d4 Nf6 5. Nf3 Nc6 6. dxc5 Qxd1+ 7. Kxd1 Bf5 8. Be3 e5 9. Bb5 Nd5 10. Bxc6+ bxc6 11. Nxe5 Rb8 12. Kc1 Nxe3 13. Nxc6 Rc8 14. Nxa7 Rc7 15. Re1 Rxa7 16. Rxe3+ Be6 17. b4 Be7 18. a4 Bg5 19. Nd2 Bxe3 20. fxe3 Ke7 21. e4 Rd8 22. Nf3 Rad7 23. Kc2 f5 24. Re1 Kf6 25. c6 fxe4 26. cxd7 exf3 27. gxf3 Rxd7 28. b5 g5 29. b6 Bd5 30. a5 Bb7 31. Re8 h5 32. c4 Re7 33. Rf8+ Ke5 34. Kc3 Kd6 35. Kb4 Re3 36. Rf7 Re7 37. Rf5 g4 38. fxg4 hxg4 39. Rg5 Re4 40. Rg6+ Kd7 41. Rg7+ Kc8 42. Kb5 Re2 43. Rc7+ Kb8 44. Rh7 Rb2+ 45. Kc5 Ra2 46. Rh8+ Bc8 47. Kb5 Kb7 48. Rh7+ Kb8 49. c5 Rb2+ 50. Kc6 Ra2 51. b7 Bxb7+ 52. Rxb7+ Ka8 1-0

[Event "BLR-ch U20"]
[Site "Minsk"]
[Date "2005.04.15"]
[Round "8"]
[White "Glyzin, Yury"]
[Black "Liasota, Evgueni"]
[Result "0-1"]
[WhiteElo "2211"]
[BlackElo "2274"]
[PlyCount "96"]
[EventDate "2005.04.08"]
[EventType "tourn"]
[EventRounds "9"]
[EventCountry "BLR"]
[EventCategory "2"]
[SourceTitle "CBM 105 Extra"]
[Source "ChessBase"]
[SourceDate "2005.05.01"]
[SourceVersion "1"]
[SourceVersionDate "2005.05.01"]
[SourceQuality "1"]

1. Nf3 Nf6 2. c4 e6 3. g3 c5 4. Bg2 Nc6 5. 0-0 d5 6. b3 d4 7. d3 e5 8. b4 cxb4 9. a3 bxa3 10. Qa4 Bd7 11. Bxa3 Bxa3 12. Qxa3 Qe7 13. Nbd2 Qxa3 14. Rxa3 0-0 15. Rb1 b6 16. Ng5 Rfb8 17. Nge4 Ne8 18. c5 b5 19. Rab3 a5 20. Rxb5 Rxb5 21. Rxb5 a4 22. Nd6 a3 23. Nb3 a2 24. Na1 Nxd6 25. cxd6 Rb8 26. Rxb8+ Nxb8 27. Bd5 Be6 28. Bxe6 fxe6 29. Kf1 Kf7 30. Ke1 Nd7 31. Kd2 Nb6 32. Kc2 Nd5 33. Kb2 Nc3 34. Nb3 Nxe2 35. Kxa2 Nc3+ 36. Ka1 Nb5 37. d7 Ke7 38. Nc5 Nc3 39. f3 Nd5 40. Kb2 g6 41. Kb3 Nf6 42. f4 exf4 43. Nxe6 Nxd7 44. Nxf4 Ne5 45. h4 h6 46. h5 g5 47. Ng6+ Nxg6 48. hxg6 h5 0-1

[Event "Serpukhov-D"]
[Site "Serpukhov"]
[Date "2003.??.??"]
[Round "10"]
[White "Andreikin, Dmitry"]
[Black "Liasota, Evgueni"]
[Result "1/2-1/2"]
[WhiteElo "2342"]
[BlackElo "2252"]
[PlyCount "65"]
[EventDate "2003.01.??"]
[EventType "tourn"]
[EventRounds "13"]
[EventCountry "RUS"]
[SourceTitle "EXT 2004"]
[Source "ChessBase"]
[SourceDate "2003.11.25"]
[SourceVersion "1"]
[SourceVersionDate "2003.11.25"]
[SourceQuality "1"]

1. e4 e6 2. d4 d5 3. Nc3 Bb4 4. Qd3 dxe4 5. Qxe4 Nf6 6. Qh4 Bd7 7. Nf3 Bc6 8. Bd2 Nbd7 9. a3 Be7 10. Qh3 Ne4 11. Bd3 Nxd2 12. Nxd2 Nf6 13. Nf3 Bxf3 14. Qxf3 Qxd4 15. Bb5+ Kf8 16. Qxb7 Rd8 17. 0-0 Qb6 18. Qxb6 cxb6 19. Rfd1 Rxd1+ 20. Rxd1 g6 21. Rd4 Kg7 22. Ra4 a5 23. Rc4 Rd8 24. Kf1 Nd5 25. Na4 Rd6 26. Rc6 Rd8 27. g3 Bf6 28. Ke2 Rb8 29. Kd3 Bd8 30. Rd6 Nf6 31. h3 h5 32. h4 Ng4 33. Rd7 1/2-1/2